Statistiques concernant Tout (vraiment tout) les personnages de Harry Potter

Cliquez ici pour prendre le quiz!

Statistiques générales

  • Ce quiz a été pris 626 fois
  • Le résultat moyen est 104 sur 211

Statistiques - réponses

Personnage % Correct
Harry Potter
100%
Ron Weasley
95%
Hermione Granger
94%
Molly Weasley
93%
Fred Weasley
92%
George Weasley
92%
Ginny Weasley
92%
Bill Weasley
92%
Arthur Weasley
92%
Lily Potter
91%
James Potter
91%
Percy Weasley
91%
Charlie Weasley
91%
Albus Dumbledore
89%
Sirius Black
87%
Drago Malefoy
86%
Severus Rogue
85%
Abelforth Dumbledore
85%
Narcissa Malefoy
85%
Lucius Malefoy
85%
Minerva McGonagall
84%
Remus Lupin
84%
Ariana Dumbledore
83%
Fleur Delacour
83%
Neville Londubat
82%
Luna Lovegood
82%
Bellatrix Lestrange
82%
Regulus Arcturus Black
80%
Rubeus Hagrid
80%
Dolores Ombrage
79%
Nymphadora Tonks
79%
Xenophilius Lovegood
79%
Cédric Diggory
78%
Alastor Maugrey
78%
Pomona Chourave
77%
Dudley Dursley
76%
Alice Londubat
76%
Gabrielle Delacour
76%
Pétunia Dursley
76%
Muriel Weasley
76%
Godric Gryffondor
75%
Rowena Serdaigle
75%
Salazar Serpentard
75%
Filius Flitwick
75%
Frank Londubat
75%
Vernon Dursley
75%
Amos Diggory
74%
Augusta Londubat
74%
Helga Poufsouffle
74%
Dobby
73%
Peter Pettigrow
73%
Rodolphus Lestrange
73%
Ted Tonks
73%
Andromeda Tonks
73%
Victor Krum
73%
Elladora Black
73%
Dean Thomas
73%
Padma Patil
72%
Cho Chang
72%
Parvati Patil
72%
Héléna Serdaigle
72%
Gilderoy Lockhart
72%
Vincent Crabbe
71%
Hedwige
71%
Gregory Goyle
71%
Tobias Rogue
70%
Cornelius Fudge
70%
Sibylle Trelawney
69%
Igor Karkaroff
69%
Seamus Finnigan
69%
Rabasta Lestrange
69%
Proffeseur Quirell
68%
Katie Bell
68%
Pattenrond
68%
Marge Dursley
68%
Lavande Brown
68%
Poppy Pomfresh
67%
Voldemort
67%
Pansy Parkinson
66%
Horace Slughorn
66%
Bartemius Jr Croupton
65%
Argus Rusard
65%
Buck
65%
Bartemius Sr Croupton
65%
Mme Bibine
64%
Kreattur
64%
Nick Quasi-Sans-Tête
64%
Olyme Maxime
63%
Le Baron Sanglant
63%
Olivier Dubois
61%
Elvis Marvolo Gaunt
61%
Angelina Johnson
61%
Tom Elvis Jedusor
61%
Firenze
60%
Mérope Gaunt
59%
Cuthbert Binns
58%
Mr Ollivander
58%
Colin Crivey
58%
Morfin Gaunt
58%
Peeves
58%
Lee Jordan
57%
Fenrir Greyback
57%
Croûtard
56%
Hannat Abbot
55%
Mimi Geignarde
54%
Antonin Dolohov
52%
Graup
52%
Mondingus Fletcher
52%
Rita Skeeter
51%
Denis Crivey
51%
Winky
51%
Carrow Amycus
50%
Carrow Alecto
50%
Aragog
50%
Blaise Zabini
49%
Rufus Scrimgeour
47%
Professeur Sinistra
47%
Cormac McLaggen
47%
Crockdur
46%
Errol
44%
Ernie McMillan
44%
Coquecigrue
42%
Amélia Susan Bones
42%
Elphias Doge
42%
Susan Bones
41%
Moine Gras
41%
Alicia Spinnet
39%
Stan Rocade
39%
Charity Burbage
39%
Miss Teigne
39%
Wilhelmina Gobe-Planche
38%
Marcus Flint
37%
Bane
36%
Tom
36%
Hepzibah Smith
36%
Zacharias Smith
36%
Ludo Verpey
35%
Fumseck
35%
Armando Dippet
34%
Professeur Vector
34%
Trévor
34%
Kingsley Shacklebolt
34%
Romilda Vane
32%
Milicent Bullstrode
32%
Hermès
31%
Pénélope Deauclair
29%
Anthony Goldstein
29%
Mme Rosmerta
27%
Dedalus Diggle
27%
Fabian Prewett
26%
Caractacus Beurk
26%
Michael Corner
26%
Gideon Prewett
26%
Hestia Jones
25%
Gwenog Jones
24%
Nott
24%
Evan Rosier
24%
Walden McNair
24%
Emmeline Vance
23%
Pince Irma
23%
Arabella Dorine Figgs
21%
Bertha Jorkins
21%
Marietta Edgecombe
21%
Terry Boot
21%
Augustus Rookwood
20%
Justin Finch-Fletchley
20%
Hokey
19%
Euan Abbercrombie
18%
Roger Davies
18%
Daphné Greengrass
17%
Frank Bryce
16%
Avery
16%
Sturgis Podmore
16%
Travers
15%
Sir Patrick Delaney Podmore
15%
Prince Eileen
14%
Marlène McKinnon
14%
Montague
14%
Marcus Belby
14%
Ernie Danlmur
14%
Piers Polkiss
13%
Bob Ogden
13%
Jimmy Peakes
12%
Demelza Robins
12%
Ritchie Coote
11%
Adrian Pucey
11%
Dirk Cresswell
11%
Mulciber
11%
Doris Crockford
10%
Térence Higgs
10%
Bole
10%
Broderick Moroz
10%
Leanne
10%
Andrew Kirke
8%
Chevalier du Catogan
8%
Benjy Fenwick
7%
Derrick
7%
Eddie Carmichael
6%
Monsieur Barjot
6%
Harper
6%
Caradoc Dearborn
6%
Perkins
6%
Mme Cole
5%
Meadows Dorcas
4%
Eldred Worpel
3%
Barnabas Cuffe
3%
Filduvia
2%
Gawain Robards
2%
Gladys Gourdenieze
2%
Chorley Herbert
2%
Phineas Ligellus
1%

Distribution des résultats

Percentile par nombre de réponses

% des personnes avec chaque résultat

Votre développement - résultats

Vous n’avez pas pris ce quiz